000 00401nam a22001697a 4500
003 koha_MIRAKIL
005 20231213095810.0
008 231213b |||||||| |||| 00| 0 ||| d
040 _aTR-IsEVY
_btur
_cTR-IsEVY
082 _a843.8 ZOL/T
100 _aEmile Zola.
245 0 _aTherese Raquin
260 _b[s.n.],
_c2006
300 _a[ ] p.
650 _aFransız Edebiyatı.
942 _2ddc
_cBK
999 _c9609
_d9609